| 000 | 00370nam a2200157Ia 4500 | ||
|---|---|---|---|
| 008 | 151213s9999 xx 000 0 und d | ||
| 100 | _aBonamy Dobree | ||
| 245 |
_aJohn Dryden _cBonamy Dobree |
||
| 250 | _a1st | ||
| 260 |
_aLondon _bLongmans Green, Co. _c1961 |
||
| 300 | _a4314 p. | ||
| 650 | _aEnglish | ||
| 650 | _aStory | ||
| 700 | _aBonamy Dobree | ||
| 999 |
_c2728 _d2728 |
||